Responses for show #7628 - Wednesday, November 8, 2017

2017 Tournament of Champions quarterfinal game 3.

Contestants

David Clemmons, an 11th grade U.S. history teacher in Keller, Texas from Fort Worth, Texas

Alan Lin, a software engineer from Riverside, California

Austin Rogers, a bartender from New York, New York

Jeopardy! Round responses

RUSSIAN INVOLVEMENT
EMMY, GRAMMY, OSCAR, TONY
WORDS FROM NATIVE AMERICAN LANGUAGES
SWEET STUFF
GIVE US THE "____ING" TITLE!
WHAT DO YOU COLLECT?
    $200 30
Putin

Alan
    $200 12
Tony the Tiger

David
    $200 25
toboggans

Alan
    $200 29
(David: What is a Tootsie Roll Bar? ...Tootsie Roll--)
(Alex: No.)

a Tootsie Roll Tootsie Pop

AustinDavid
    $200 1
Leaving Las Vegas

David
    $200 28
books

Alan
    $400 14
Stalingrad

Austin
    $400 9
a reindeer

Alan
    $1,200 24
(David: What is Bigfoot?)

Sasquatch

David
    $400 18
honey

Alan
    $400 3
(Alan: What is thinking?)

Speaking Ill of the Dead

Alan
Triple Stumper
    $400 22
(birds') eggs

Alan
    $600 15
Ivan the Terrible

David
    $600 10
(Austin: Who is Kern?)

Oscar Hammerstein

Austin
Triple Stumper
    $600 2
guano

Austin
    $600 19
(Alex: I'm not allowed to sing these songs.)

Shirley Temple

Alan
    $600 4
Looking for Mr. Goodbar

David
    $600 23
(Alan: What are stuffed animals?)
(Alex: Be more specific.)
(Alan: Uh, what are Beanie Babies?)

teddy bears

AlanDavid
    $800 16
the Romanovs

Alan
    $800 11
(Austin: Who is [*]?)
(Alex: Yes, you're out of the hole.)
(Austin: EMMY, GRAMMY, OS--oh, I get it now!--$200.)

Emmy Rossum

Austin
    $800 7
(Austin: What is succotash?)

hominy

AustinDavid
    $800 20
dulce de leche

Alan
    $800 5
(David: What is Thinking on My Feet?)
...
(Alex: Kerri Strug was an Olympic gymnast.)

Landing on My Feet

David
Triple Stumper
    $800 26
seashells

Alan
    $1000 17
Kamchatka

Alan
    $1000 13
Tony Kushner

Alan
    $1000 8
kinkajou

Alan
    $1000 21
(David: What is a praline?)

fudge

AlanDavid
    $1000 6
slouching

Alan
    $1000 27
postcards

Triple Stumper

Scores at the first commercial break (after clue 15):

Austin Alan David
$400 $3,000 $1,600

Scores at the end of the Jeopardy! Round:

Austin Alan David
$600 $8,800 -$200

Double Jeopardy! Round responses

BROADWAY 2017
BOATS & SHIPS
BLAME IT ON THE SUPERNOVA
REDUNDANT GEOGRAPHY
NOTORIOUS
YOU'LL STOP AT "NOTHING"
    $400 10
September 11th

Austin
    $400 3
a clipper

Austin
    $400 30
Taurus

Alan
    $400 20
the Sahara

Alan
    $400 15
G-men

Austin
    $400 29
thanks for nothing

Alan
    $800 11
Willy Wonka

Austin
    $800 4
(Alan: What are submarines?)
(Alex: Submarines? Be more specific.)

U-boats

Alan
    $800 21
gamma rays

Alan
    $800 6
(Austin: What is Timor? ...What is [*]?)
(Alex: Thank you.)

East Timor

Austin
    $800 16
the Blonde Alibi

Triple Stumper
    $800 25
double or nothing

Austin
    $1200 12
Madame Butterfly

Alan
    $3,400 7
(Austin: What is a kayak?)

a dugout canoe

Austin
    $1200 22
(Alan: Who is Copernicus?)
(Alex: No.)
(Alan: [Whispers] Ah. Polish.)

Tycho Brahe

Alan
Triple Stumper
    $1200 5
Lake Chad

Alan
    $1200 17
hackers

Triple Stumper
    $5 28
Much Ado About Nothing

Alan
    $1600 13
(Alex: And Ben Platt will be leaving that hit show soon, but the show will continue.)

Dear Evan Hansen

Austin
    $1600 8
the Carpathia

Alan
    $1600 23
a neutron star

Alan
    $1600 2
the Faroe Islands

Austin
    $1600 18
the United Nations

David
    $1600 26
out of nothing

Alan
    $2000 14
Patti LuPone

Austin
    $2000 9
the dreadnought

Austin
    $2000 24
Rigel

Alan
    $2000 1
the Mississippi River

Triple Stumper
    $2000 19
(Alex: Involved in the assassination of President Lincoln.)

Mary Surratt

Triple Stumper
    $2000 27
good for nothing

Triple Stumper

Scores at the end of the Double Jeopardy! Round:

Austin Alan David
$8,000 $19,605 $1,400
(lock game)

Final Jeopardy! Round responses

19th CENTURY POETS
DavidWho is Longfellow
$1,400
AustinWho was Lord Byron?
$8,000
AlanWho is Lord Byron
$5
Lord Byron

Final scores:

Austin Alan David
$16,000 $19,610 $0
2nd place: $5,000 if eliminated Automatic semifinalist 3rd place: $5,000 if eliminated

Game dynamics:

Coryat scores:

Austin Alan David
$11,400 $20,800 $2,600
14 R,
3 W
(including 1 DD)
27 R
(including 1 DD),
3 W
7 R,
4 W
(including 1 DD)

Combined Coryat: $34,800

The J! Archive is created by fans, for fans. The Jeopardy! game show and all elements thereof, including but not limited to copyright and trademark thereto, are the property of Jeopardy Productions, Inc. and are protected under law. This website is not affiliated with, sponsored by, or operated by Jeopardy Productions, Inc. Join the discussion at JBoard.tv.